000 00212 a2200097 4500
001 13830
100 _aHerman L
245 _aAlgebra for School
260 _aLondon
_bW & R Chambers Ltd
_c
090 _c10808
_d10808
942 _aNUST-CAE
_cM
_c901
999 _c248903
_d248903